Vzory zmlúv a právnych podaní s komentárom. I. /
Uložené v:
| Médium: | Kniha |
|---|---|
| Jazyk: | Slovak |
| Vydané: |
Žilina :
Poradca podnikateľa,
2008.
|
| Vydanie: | 2. aktual. vyd. |
| Témy: | |
| ISBN: |
9788089363117 (viaz.) |
| Fyzický popis: |
610 s. ; 21 cm + CDK 3408 |
| Tagy: |
Pridať tag
Žiadne tagy, Buďte prvý kto otaguje tento záznam!
|
Titul je dostupný aj v ... 

MARC
| LEADER | 00000nam a22000004a 4500 | ||
|---|---|---|---|
| 001 | 000344708 | ||
| 005 | 20090327075843.0 | ||
| 008 | 090205s2008 xo g f 000 0 slo d | ||
| 020 | |a 9788089363117 (viaz.) | ||
| 040 | |a SVKKK |b slo |c SVKKK |e AACR2 | ||
| 041 | 0 | |a slo | |
| 043 | |a e-xo--- | ||
| 044 | |a xo |c SK | ||
| 072 | 7 | |a 34 |x Právo |2 konspekt | |
| 080 | |a 349.2 |2 2001 | ||
| 080 | |a 342.9 |2 2001 | ||
| 080 | |a 347.7 |2 2001 | ||
| 080 | |a 347.931 |2 2001 | ||
| 080 | |a (035) |2 2001 | ||
| 245 | 0 | 0 | |a Vzory zmlúv a právnych podaní s komentárom. |n I. / |c kolektív autorov. |
| 250 | |a 2. aktual. vyd. | ||
| 260 | |a Žilina : |b Poradca podnikateľa, |c 2008. | ||
| 300 | |a 610 s. ; |c 21 cm + |e CDK 3408 | ||
| 504 | |a Skratky: s. 3-4; bibliografia: s. 609 | ||
| 650 | 0 | 7 | |a pracovné právo |2 SVKKKPH |
| 650 | 0 | 7 | |a správne právo |2 SVKKKPH |
| 650 | 0 | 7 | |a obchodné právo |2 SVKKKPH |
| 650 | 0 | 7 | |a právne podania |2 SVKKKPH |
| 650 | 0 | 7 | |a vzory právnych podaní |2 SVKKKPH |
| 655 | 7 | |a príručky |2 SVKKKPH | |
| 910 | |a svkkk | ||
| 919 | |a 978-80-89363-11-7 | ||
| 998 | |a BK | ||
| 090 | |g SCKHL |k Konzultanti |a III.212118 |j 1004816 |i 2720191321 |s Príručka / Študovňa | ||